000 00431nam a2200145Ia 4500
008 230314s9999 xx 000 0 und d
020 _a978-93-86827-12-8
041 _aeng
082 _aA/611/KHU/DB0878
100 _aKhurana Indu & Khurana Arushi
_9180528
245 _aTextbook of Anatomy and Physiology for Nursing
260 _bCBS Publishers & Distributors
_aNew Delhi
_c2020
300 _a551p
999 _c144052
_d144052